Normal view
MARC view
- Mir, Sauda aur Dard kay Ahad Main: Urdu Shairi Main Tasawwuf
Entry Topical Term
001 - CONTROL NUMBER
- control field: 96821
003 - CONTROL NUMBER IDENTIFIER
- control field: NUST
005 - DATE AND TIME OF LATEST TRANSACTION
- control field: 20220811103515.0
008 - FIXED-LENGTH DATA ELEMENTS
- fixed length control field: 220811|| aca||aabn | a|a d
040 ## - CATALOGING SOURCE
- Original cataloging agency: NUST
- Transcribing agency: NUST
150 ## - HEADING--TOPICAL TERM
- Topical term or geographic name entry element: Mir, Sauda aur Dard kay Ahad Main: Urdu Shairi Main Tasawwuf
670 ## - SOURCE DATA FOUND
- Source citation: Work cat.: (NUST): Nafees Iqbal, Dr. 96820, Urdu Shairi Main Tasawwuf:, 2007.
